Liberalismo y educación / (Record no. 41317)
[ view plain ]
| 000 -LEADER | |
|---|---|
| fixed length control field | 00798nam a22002297a 4500 |
| 005 - DATE AND TIME OF LATEST TRANSACTION | |
| control field | 20220615133427.0 |
| 008 - FIXED-LENGTH DATA ELEMENTS--GENERAL INFORMATION | |
| fixed length control field | 130911t mx ||||| |||| 00| 0 spa d |
| 050 04 - LIBRARY OF CONGRESS CALL NUMBER | |
| Classification number | LA421 |
| Item number | T35 1973 |
| 050 04 - LIBRARY OF CONGRESS CALL NUMBER | |
| Classification number | LC92.M6 |
| Item number | T35 1973 |
| 100 1# - MAIN ENTRY--PERSONAL NAME | |
| Personal name | Talavera, Abraham |
| 245 10 - TITLE STATEMENT | |
| Title | Liberalismo y educación / |
| Statement of responsibility, etc | Abraham Talavera |
| 250 ## - EDITION STATEMENT | |
| Edition statement | Primera edición |
| 260 ## - PUBLICATION, DISTRIBUTION, ETC. (IMPRINT) | |
| Place of publication, distribution, etc | México : |
| Name of publisher, distributor, etc | Secretaria de Educación Publica, |
| Date of publication, distribution, etc | 1973 |
| 300 ## - PHYSICAL DESCRIPTION | |
| Extent | v. ; |
| Dimensions | 17 cm. |
| 490 0# - SERIES STATEMENT | |
| Series statement | SepSetentas ; |
| Volume number/sequential designation | 103, |
| -- | 104 |
| 504 ## - BIBLIOGRAPHY, ETC. NOTE | |
| Bibliography, etc | Incluye indice |
| 505 0# - FORMATTED CONTENTS NOTE | |
| Title | T.I: Surgimiento de la conciencia educativa. |
| -- | T.II: La Reforma y la intervención. |
| 650 #7 - SUBJECT ADDED ENTRY--TOPICAL TERM | |
| Source of heading or term | lemb |
| Topical term or geographic name as entry element | Educación y estado |
| Geographic subdivision | México |
| 650 #7 - SUBJECT ADDED ENTRY--TOPICAL TERM | |
| Source of heading or term | lemb |
| Topical term or geographic name as entry element | Educación |
| General subdivision | Política y gobierno |
| Geographic subdivision | México |
| 650 #7 - SUBJECT ADDED ENTRY--TOPICAL TERM | |
| Source of heading or term | lemb |
| Topical term or geographic name as entry element | Enseñanza |
| Geographic subdivision | México |
| General subdivision | Historia |
| 942 ## - ADDED ENTRY ELEMENTS (KOHA) | |
| Source of classification or shelving scheme | Biblioteca del Cogreso de los Estados Unidos |
| Koha item type | Libro |
| Estado de pérdida | Fuente de clasificación | Estado del daño | No para préstamo | Ubicación permanente | Ubicación actual | Fecha de adquisición | Fuente de adquisición | Enumeración de Serie / Cronológica | Clasificación | Código de Barras | Date last seen | Número de copia | Tipo de recurso | Nota pública | Apartado o colección | Edición | Dependencia de educación superior (DES) | Área del conocimiento | Total Checkouts | Total Renewals | Date checked out | Costo por reposición |
|---|---|---|---|---|---|---|---|---|---|---|---|---|---|---|---|---|---|---|---|---|---|---|
| Biblioteca del Cogreso de los Estados Unidos | Biblioteca de la Facultad de Letras | Biblioteca de la Facultad de Letras | 11/09/2013 | LLH000002915 | LA421 T35 1973 | LLH000002915 | 16/01/2015 | V.1 C:1 | Libro | General | ||||||||||||
| Biblioteca del Cogreso de los Estados Unidos | Biblioteca del Instituto de Investigaciones Históricas | Biblioteca del Instituto de Investigaciones Históricas | 15/06/2022 | LC92.M6 T35 1973 V.I | IIH000033215 | 15/01/2026 | C:1 | Libro | General | 1a ed. | Humanidades | Educación y Humanidades | 1 | 1 | 14/11/2025 | 1.00 | ||||||
| Biblioteca del Cogreso de los Estados Unidos | Biblioteca del Instituto de Investigaciones Históricas | Biblioteca del Instituto de Investigaciones Históricas | 15/06/2022 | LC92.M6 T35 1973 V.I | IIH000033216 | 15/06/2022 | C:2 | Libro | General | 1a ed. | Humanidades | Educación y Humanidades | 1.00 | |||||||||
| Biblioteca del Cogreso de los Estados Unidos | Biblioteca del Instituto de Investigaciones Históricas | Biblioteca del Instituto de Investigaciones Históricas | 15/06/2022 | LC92.M6 T35 1973 V.II | IIH000033217 | 15/06/2022 | C:1 | Libro | General | 1a ed. | Humanidades | Educación y Humanidades | 1.00 |